| 000 | 01373nam a22002297a 4500 | ||
|---|---|---|---|
| 999 |
_c57946 _d57946 |
||
| 003 | Ge_BSU | ||
| 005 | 20210405161747.0 | ||
| 008 | 210405s2020 ge ||||| |||| 00| 0 geo d | ||
| 020 | _a9789941973826 | ||
| 041 | _ageo | ||
| 080 | _a72 ტ-28 | ||
| 245 |
_aტაო - კლარჯეთის ციხე - სიმაგრეები : _b3 ტომი. (ტაოს ფორტიფიკაციები) / _cსამტომეულის საერთო რედაქტორები : გიორგი ბაგრატიონი, ბონდო კუპატაძე, ჯაბა სამუშია; თსუ, საქართველოს ისტორიის ინსტიტუტი. |
||
| 264 |
_aთბილისი : _bთსუ, _c2020. |
||
| 300 |
_a364 გვ.; _b ილ., _c30 სმ. |
||
| 546 | _aპარალ. სათ. ინგლ. ენ. | ||
| 653 | _aტაო-კლარჯეთის არქიტექტურული ძეგლები | ||
| 653 | _aისტორია | ||
| 700 |
_a ბაგრატიონი, გიორგი _eრედაქტორი _911075 |
||
| 700 |
_aკუპატაძე, ბონდო _eრედაქტორი _911076 |
||
| 700 |
_a ჯაბა სამუშია. _eრედაქტორი _911077 |
||
| 942 |
_2udc _cBK |
||